00480nam a22001457a 4500082002800000100002600028245004200054260003300096300002900129526003700158650001300195942001200208999001900220952009500239 a620.11bFFOcL-21, P-53 aFeodosyev, V.,940779 aStrength of MaterialscFeodosyev, V., aMoscowbMir Publishersc1968 a564 p. :bill, ;c20 cm. a0b0c0d620_110000000000000_FEO aMCE9379 2ddccBK c545024d545024 00102ddc4070aMCEbMCEd2014-05-15l0o620.11 FEOpMCE-3044r2014-05-15w2021-03-14yBK